Predbežná spoločnosť s ručením obmedzeným
Osobitné postavenie spoločnosti medzi založením a vznikom. Právna subjektivita predbežnej spoločnosti. Konanie zakladateľov spoločnosti pred jej vznikom.. Úkony, ktoré súvisia so vznikom spoločnosti, ktoré boli uzavreté s odkladacou podmienkou. Správa splatených vkladov. Prenájom priestorov v budúco...
Saved in:
| Main Author: | |
|---|---|
| Format: | Book Chapter |
| Language: | Slovak |
| Subjects: | |
| Tags: |
No Tags, Be the first to tag this record!
|
MARC
| LEADER | 00000naa$a2200000$$$4500 | ||
|---|---|---|---|
| 001 | 0042648 | ||
| 005 | 20230919095536.0 | ||
| 041 | 0 | |a slo | |
| 044 | |a SK | ||
| 245 | 1 | 0 | |a Predbežná spoločnosť s ručením obmedzeným |c Imrich Fekete |
| 520 | |a Osobitné postavenie spoločnosti medzi založením a vznikom. Právna subjektivita predbežnej spoločnosti. Konanie zakladateľov spoločnosti pred jej vznikom.. Úkony, ktoré súvisia so vznikom spoločnosti, ktoré boli uzavreté s odkladacou podmienkou. Správa splatených vkladov. Prenájom priestorov v budúcom sídle spoločnosti. Získanie podnikateľského oprávnenia. | ||
| 610 | 2 | 0 | |a spoločnosti s r.o. |
| 610 | 2 | 0 | |a dokumentácia |
| 610 | 2 | 0 | |a dokumenty |
| 610 | 2 | 0 | |a zmluvy zakladateľské |
| 100 | 1 | |a Fekete, Imrich | |